| 000 | 02130cam a2200601 i 4500 | ||
|---|---|---|---|
| 001 | 11059 | ||
| 003 | KOSZ 005 | ||
| 005 | 20241212135140.0 | ||
| 008 | 241212s1962 pl a g 001 0 pol | ||
| 015 | _aUWD 1962/8219 | ||
| 035 | _a991044931209705066 | ||
| 035 | _a(PL-WaBN)b22253002-48omnis_nlop | ||
| 035 | _ab22253002 | ||
| 035 | _a(OCoLC)749855650 | ||
| 035 | _azz2005944621 | ||
| 035 | _a(PL)b0000002225300 | ||
| 035 | _a(EXLNZ-48OMNIS_NETWORK)9910369603205606 | ||
| 040 |
_aWA N _cWA N _dKOSZ 005/RW |
||
| 041 | 1 |
_apol _heng |
|
| 046 | _k1900 | ||
| 080 | _a133 | ||
| 080 | _a2:316.74 | ||
| 080 | _a316.7 | ||
| 100 | 1 |
_aFrazer, James George _d(1854-1941) _eAutor |
|
| 245 | 1 | 0 |
_aZłota gałąź / _cJames George Frazer ; przełożył Henryk Krzeczkowski ; przedmowa Jan Lutyński ; [wiersze przełożył Włodzimierz Lewik]. |
| 246 | 1 |
_iTytuł oryginału: _aGolden bough |
|
| 250 | _aWydanie I. | ||
| 260 |
_aWarszawa : _bPaństwowy Instytut Wydawniczy, _c1962. |
||
| 300 |
_a582, [2] strony, [15] kart tablic : _bilustracje ; _c25 cm. |
||
| 336 |
_aTekst _btxt _2rdacontent |
||
| 337 |
_aBez urządzenia pośredniczącego _bn _2rdamedia |
||
| 338 |
_aWolumin _bnc _2rdacarrier |
||
| 380 | _aKsiążki | ||
| 380 | _aPublikacje popularnonaukowe | ||
| 388 | 1 | _a1901-2000 | |
| 388 | 1 | _a1945-1989 | |
| 500 | _aTytuł oryginału: The golden bough. | ||
| 504 | _aIndeksy. | ||
| 650 | 7 |
_aAntropologia społeczna _2DBN |
|
| 650 | 7 |
_aLudy pierwotne _2DBN |
|
| 650 | 7 |
_aMagia _2DBN |
|
| 650 | 7 |
_aReligia _2DBN |
|
| 655 | 7 | _aOpracowanie | |
| 658 | _aEtnologia i antropologia kulturowa | ||
| 700 | 1 |
_aKrzeczkowski, Henryk _d(1921-1985) _eTłumaczenie |
|
| 700 | 1 |
_aLewik, Włodzimierz _d(1905-1962) _eTłumaczenie |
|
| 700 | 1 |
_aLutyński, Jan _d(1921-1988) _ePrzedmowa |
|
| 710 | 2 |
_aPaństwowy Instytut Wydawniczy _4pbl |
|
| 830 | 0 | _aSeria Ceramowska | |
| 856 |
_uhttps://koha.tu.koszalin.pl/cgi-bin/koha/opac-detail.pl?biblionumber=11059 _yKatalog online BPK |
||
| 942 |
_2UKD _cKS |
||
| 999 |
_c11059 _d11059 |
||